| 000 | 00408nam a2200121Ia 4500 | ||
|---|---|---|---|
| 008 | 220216s9999 xx 000 0 und d | ||
| 100 | _aRamakrishnan A. | ||
| 245 | 0 | _aCrop insurance in rubber plantations | |
| 260 |
_bDissertation, PG Diploma in Natural Rubber Production, Kerala Agricultural University, Trichur, India, 30 p. _c1991 |
||
| 650 | _aCrop insurance | ||
| 650 | _aRubber plantation | ||
| 942 | _cBS | ||
| 999 |
_c52796 _d52796 |
||